| 000 | 01267cam a22003497a 4500 | ||
|---|---|---|---|
| 003 | CHAP | ||
| 005 | 20220329142747.0 | ||
| 008 | 030618d2002 mx r 00110 spa d | ||
| 010 | _a87400 | ||
| 011 | _a88372 | ||
| 035 | _a98917 | ||
| 040 | _cCHAP | ||
| 090 | _aTesis | ||
| 100 | 0 | 0 |
_aEspinosa Villeda, Alma Neri. _938011 |
| 245 | 1 | 0 |
_aManejo químico de maleza en soya forrajera, Glycine wightii (Wight & Arn.) verde, como cobertura viva en Chapingo, Méx. _c/por Alma Neri Espinosa Villeda |
| 260 |
_aChapingo, Méx. : _bEl autor, _c2002. |
||
| 300 | _a42 h. | ||
| 502 | _aTesis (Ing. Agr. Esp. en Parasitología Agrícola) -- UACH. Departamento de Parasitología Agrícola | ||
| 590 |
_aALEPH _b10 _c20130110 _lUCH01 _h1454 |
||
| 590 |
_aBATCH-UPD _b10 _c20130110 _lUCH01 _h0120 |
||
| 590 |
_aBATCH-UPD _b10 _c20130110 _lUCH01 _h0911 |
||
| 590 |
_aCONVERSION _b10 _c20130109 _lUCH01 _h1348 |
||
| 650 | 1 | 4 |
_aCultivos de cobertura. _930371 |
| 650 | 1 | 4 |
_aGlycine wightii. _948339 |
| 650 | 1 | 4 |
_aHerbicidas. _953691 |
| 650 | 1 | 4 |
_aMalas hierbas _xControl. _970011 |
| 901 | _aBK | ||
| 905 | _aMayto Villalobos S. | ||
| 942 | _cFOLL | ||
| 949 |
_aTesis _bBC _cTES _d33724000899118 _eTS2 _fc.2 _h41087 _i98917 _si |
||
| 949 |
_aTesis _bBC _cTES _d98917123 _eTS1 _h41086 _i98917 _sb |
||
| 999 |
_c87400 _d87400 |
||